Detalles MARC
| 000 -CABECERA |
| Longitud fija campo de control |
01656nam a2200313 i 4500 |
| 005 - • FECHA Y HORA DE LA ÚLTIMA TRANSACCIÓN |
| Fecha y hora de la última transacción |
20220316235358.0 |
| 008 - • CÓDIGOS DE INFORMACIÓN DE LONGITUD FIJA |
| Códigos de información de longitud fija |
121119s1984 sp gs 000 p spa d |
| 020 ## - • NÚMERO INTERNACIONAL NORMALIZADO PARA LIBROS |
| Número Internacional Normalizado para Libros (ISBN) |
8475220932 |
| 040 ## - FUENTE DE LA CATALOGACIÓN |
| Centro catalogador de origen |
CO-BoRNBP |
| Lengua de catalogación |
spa |
| Centro transcriptor |
CO-BoRNBP |
| Normas de descripción |
rda |
| 041 ## - • CÓDIGO DE LENGUA |
| Código de lengua del texto/banda sonora o título independiente |
spa |
| 084 ## - • Clasificación Local Alfanúmerica PNLB |
| Número de clasificación |
P POU1 |
| 100 1# - • PUNTO DE ACCESO PRINCIPAL-NOMBRE DE PERSONA |
| Nombre de persona |
Pound, Ezra, |
| Fechas asociadas al nombre |
1885-1972 |
| Término indicativo de función |
autor |
| 245 10 - • TITULO PROPIAMENTE DICHO |
| Título |
Antologia |
| Mención de responsabilidad, etc. |
Ezra Pound ; traducción de José Coronel Urtecho y Ernesto Cardenal |
| 250 ## - • MENCIÓN DE EDICIÓN |
| Mención de edición |
Primera edición |
| 264 #1 - PRODUCCIÓN, PUBLICACIÓN , DISTRIBUCIÓN, FABRICACIÓN Y COPYRIGHT |
| Lugar de producción, publicación, distribución, fabricación |
Madrid |
| Nombre del productor, editor, distribuidor, fabricante |
Visor |
| Fecha de de producción, publicación, distribución, fabricación o copyright |
1984 |
| 300 ## - • DESCRIPCIÓN FÍSICA |
| Extensión |
224 páginas |
| Dimensiones |
19 cm |
| 336 ## - TIPO DE CONTENIDO |
| Término de tipo de contenido |
texto |
| Código de tipo de contenido |
txt |
| Fuente |
rdacontent |
| 337 ## - TIPO DE MEDIO |
| Nombre del tipo de medio |
sin mediación |
| Código del tipo de medio |
n |
| Fuente |
rdamedia |
| 338 ## - TIPO DE SOPORTE |
| Nombre del tipo de soporte |
volumen |
| Código del tipo de soporte |
nc |
| Fuente |
rdacarrier |
| 490 ## - • MENCIÓN DE SERIE |
| Mención de serie |
Visor de poesía |
| 520 3# - • NOTA DE RESUMEN |
| Resumen, etc, |
Ezra Pound (Hailey, U.S.A., 1885 - Venecia, 1972) ha sido una de las voces poéticas más ricas y universales de nuestro siglo. Es autor de una obra amplisima que, con el paso del tiempo, se está conviertiendo en inevitable quía de la poesía actual y maestro insustituible de las nuevas generaciones. En su obra, Pound busca incansablemente su propio Yo, siempre determinado por un conjunto de fuerzas sociales, históricas, psicológicas, culturales... que , al mismo tiempo que lo delimitan, lo definen. Con los Cantos llena el ámbito histórico - social y humano en el que vive, hasta reconocer los confines y la fisonomía de sí mismo |
| 650 14 - • PUNTO DE ACCESO ADICIONAL DE MATERIA - TÉRMINO DE MATERIA |
| Término de materia o nombre geográfico como elemento inicial |
Poesía estadounidense |
| Subdivisión cronológica |
Siglo XIX |
| Fuente del encabezamiento o término |
LEMB |
| 650 14 - • PUNTO DE ACCESO ADICIONAL DE MATERIA - TÉRMINO DE MATERIA |
| Término de materia o nombre geográfico como elemento inicial |
Literatura estadounidense |
| Subdivisión cronológica |
Siglo XIX |
| Fuente del encabezamiento o término |
LEMB |
| 650 14 - • PUNTO DE ACCESO ADICIONAL DE MATERIA - TÉRMINO DE MATERIA |
| Término de materia o nombre geográfico como elemento inicial |
Historia |
| Subdivisión de forma |
Poesía |
| Fuente del encabezamiento o término |
LEMB |
| 650 14 - • PUNTO DE ACCESO ADICIONAL DE MATERIA - TÉRMINO DE MATERIA |
| Término de materia o nombre geográfico como elemento inicial |
Sociedad |
| Subdivisión de forma |
Poesía |
| Fuente del encabezamiento o término |
LEMB |
| 700 1# - • PUNTO DE ACCESO ADICIONAL - NOMBRE DE PERSONA |
| Nombre de persona |
Cardenal, Ernesto, |
| Fechas asociadas al nombre |
1925 |
| Término indicativo de función |
traductor |
| 700 1# - • PUNTO DE ACCESO ADICIONAL - NOMBRE DE PERSONA |
| Nombre de persona |
Coronel Urtecho, José, |
| Término indicativo de función |
traductor |
| 942 ## - ENTRADA DE ELEMENTOS AGREGADOS (KOHA) |
| Fuente de clasificaión o esquema |
|
| Koha [por defecto] tipo de item |
Libro Literatura |